[Event "Pohár města Říčany 2018"]
[Site "Městské kulturní středisko U labutě"]
[Date "2018.08.28"]
[Round "5.1"]
[White "Plat, Vojtech"]
[Black "Rodshtein, Tereza"]
[Result "1-0"]
[WhiteElo "2523"]
[BlackElo "2256"]
[PlyCount "0"]
[EventDate "2018.08.25"]

1. d4 {[%clk 01:30:56]} {[%emt 00:00:03]} d5 {[%clk 01:30:53]} {[%emt
00:00:07]} 2. c4 {[%clk 01:31:21]} {[%emt 00:00:05]} c6 {[%clk 01:31:17]}
{[%emt 00:00:06]} 3. Nc3 {[%clk 01:31:36]} {[%emt 00:00:15]} Nf6 {[%clk
01:31:25]} {[%emt 00:00:22]} 4. cxd5 {[%clk 01:31:58]} {[%emt 00:00:07]} cxd5
{[%clk 01:31:51]} {[%emt 00:00:05]} 5. Bf4 {[%clk 01:32:23]} {[%emt 00:00:06]}
Nc6 {[%clk 01:31:46]} {[%emt 00:00:35]} 6. e3 {[%clk 01:32:46]} {[%emt
00:00:07]} Bf5 {[%clk 01:32:03]} {[%emt 00:00:14]} 7. Qb3 {[%clk 01:32:47]}
{[%emt 00:00:29]} Na5 {[%clk 01:32:10]} {[%emt 00:00:23]} 8. Bb5+ {[%clk
01:31:12]} {[%emt 00:02:05]} Bd7 {[%clk 01:31:57]} {[%emt 00:00:42]} 9. Qa4
{[%clk 01:31:34]} {[%emt 00:00:07]} e6 {[%clk 01:32:07]} {[%emt 00:00:21]} 10.
Rc1 {[%clk 01:27:08]} {[%emt 00:04:55]} Rc8 {[%clk 01:28:21]} {[%emt 00:04:16]}
11. Bg5 {[%clk 01:23:04]} {[%emt 00:04:34]} Nc6 {[%clk 01:19:13]} {[%emt
00:09:37]} 12. Nf3 {[%clk 01:17:26]} {[%emt 00:06:07]} Bd6 {[%clk 01:15:22]}
{[%emt 00:04:21]} 13. O-O {[%clk 01:17:22]} {[%emt 00:00:34]} O-O {[%clk
01:12:24]} {[%emt 00:03:28]} 14. Qd1 {[%clk 01:14:16]} {[%emt 00:03:36]} Ne7
{[%clk 01:08:36]} {[%emt 00:04:18]} 15. Bxd7 {[%clk 01:07:27]} {[%emt
00:07:19]} Nxd7 {[%clk 01:07:40]} {[%emt 00:01:26]} 16. Qb3 {[%clk 01:06:12]}
{[%emt 00:01:46]} h6 {[%clk 00:57:29]} {[%emt 00:10:41]} 17. Bh4 {[%clk
01:05:43]} {[%emt 00:00:58]} g5 {[%clk 00:55:22]} {[%emt 00:02:38]} 18. Bg3
{[%clk 01:05:25]} {[%emt 00:00:48]} Bxg3 {[%clk 00:55:31]} {[%emt 00:00:21]} 19.
fxg3 {[%clk 01:04:18]} {[%emt 00:01:37]} Qb6 {[%clk 00:51:53]} {[%emt
00:04:08]} 20. Qc2 {[%clk 01:00:28]} {[%emt 00:04:19]} Nf5 {[%clk 00:50:26]}
{[%emt 00:01:58]} 21. Qe2 {[%clk 00:58:05]} {[%emt 00:02:53]} Qa6 {[%clk
00:47:26]} {[%emt 00:03:30]} 22. Qf2 {[%clk 00:56:40]} {[%emt 00:01:54]} Qd3
{[%clk 00:43:57]} {[%emt 00:04:00]} 23. Rfe1 {[%clk 00:55:04]} {[%emt
00:02:05]} Nd6 {[%clk 00:42:46]} {[%emt 00:01:40]} 24. Rcd1 {[%clk 00:54:44]}
{[%emt 00:00:51]} Qg6 {[%clk 00:41:25]} {[%emt 00:01:51]} 25. Qe2 {[%clk
00:53:26]} {[%emt 00:01:48]} f5 {[%clk 00:40:46]} {[%emt 00:01:09]} 26. Nb5
{[%clk 00:52:37]} {[%emt 00:01:19]} Ne4 {[%clk 00:34:07]} {[%emt 00:07:10]} 27.
Nxa7 {[%clk 00:52:12]} {[%emt 00:00:54]} Ra8 {[%clk 00:34:32]} {[%emt
00:00:05]} 28. Nb5 {[%clk 00:51:12]} {[%emt 00:01:30]} Rxa2 {[%clk 00:34:52]}
{[%emt 00:00:10]} 29. Qc2 {[%clk 00:50:26]} {[%emt 00:01:16]} Ra5 {[%clk
00:31:37]} {[%emt 00:03:45]} 30. Qb3 {[%clk 00:47:17]} {[%emt 00:03:39]} f4
{[%clk 00:28:15]} {[%emt 00:03:53]} 31. gxf4 {[%clk 00:41:20]} {[%emt
00:06:27]} gxf4 {[%clk 00:28:42]} {[%emt 00:00:03]} 32. Nc3 {[%clk 00:41:05]}
{[%emt 00:00:44]} Nd6 {[%clk 00:21:58]} {[%emt 00:07:14]} 33. exf4 {[%clk
00:32:01]} {[%emt 00:09:33]} Rxf4 {[%clk 00:22:14]} {[%emt 00:00:14]} 34. Kh1
{[%clk 00:30:58]} {[%emt 00:01:34]} Ra8 {[%clk 00:18:08]} {[%emt 00:04:35]} 35.
Nxd5 {[%clk 00:28:28]} {[%emt 00:03:00]} exd5 {[%clk 00:18:33]} {[%emt
00:00:05]} 36. Qxd5+ {[%clk 00:28:54]} {[%emt 00:00:04]} Kh8 {[%clk 00:18:19]}
{[%emt 00:00:44]} 37. Re6 {[%clk 00:18:48]} {[%emt 00:10:36]} Rf6 {[%clk
00:18:47]} {[%emt 00:00:02]} 38. Ne5 {[%clk 00:18:03]} {[%emt 00:01:15]} Nxe5
{[%clk 00:17:13]} {[%emt 00:02:04]} 39. Rxf6 {[%emt 00:07:34]} 1-0

[Event "Pohár města Říčany 2018"]
[Site "Městské kulturní středisko U labutě"]
[Date "2018.08.28"]
[Round "5.2"]
[White "Pulpan, Jakub"]
[Black "Kulhanek, Tomas"]
[Result "1-0"]
[WhiteElo "2400"]
[BlackElo "2314"]
[PlyCount "0"]
[EventDate "2018.08.25"]

1. e4 {[%clk 01:30:50]} {[%emt 00:00:08]} g6 {[%clk 01:30:50]} {[%emt
00:00:11]} 2. d4 {[%clk 01:31:04]} {[%emt 00:00:17]} Bg7 {[%clk 01:31:15]}
{[%emt 00:00:05]} 3. Nc3 {[%clk 01:31:23]} {[%emt 00:00:11]} d6 {[%clk
01:31:33]} {[%emt 00:00:11]} 4. f4 {[%clk 01:31:05]} {[%emt 00:00:49]} a6
{[%clk 01:30:47]} {[%emt 00:01:16]} 5. a4 {[%clk 01:24:12]} {[%emt 00:07:22]}
Nf6 {[%clk 01:25:34]} {[%emt 00:05:43]} 6. Nf3 {[%clk 01:24:00]} {[%emt
00:00:42]} c5 {[%clk 01:23:39]} {[%emt 00:02:24]} 7. d5 {[%clk 01:20:48]}
{[%emt 00:03:42]} O-O {[%clk 01:22:35]} {[%emt 00:01:34]} 8. Bc4 {[%clk
01:19:56]} {[%emt 00:01:22]} e6 {[%clk 01:21:21]} {[%emt 00:01:43]} 9. O-O
{[%clk 01:14:07]} {[%emt 00:06:19]} exd5 {[%clk 01:21:40]} {[%emt 00:00:11]} 10.
Bxd5 {[%clk 01:03:05]} {[%emt 00:11:32]} Nc6 {[%clk 01:18:26]} {[%emt
00:03:44]} 11. h3 {[%clk 00:45:58]} {[%emt 00:17:38]} Nxd5 {[%clk 01:03:25]}
{[%emt 00:15:31]} 12. Nxd5 {[%clk 00:41:37]} {[%emt 00:04:52]} Be6 {[%clk
01:00:18]} {[%emt 00:03:36]} 13. c3 {[%clk 00:38:23]} {[%emt 00:03:44]} Ne7
{[%clk 00:53:43]} {[%emt 00:07:05]} 14. Nxe7+ {[%clk 00:35:14]} {[%emt
00:03:39]} Qxe7 {[%clk 00:54:04]} {[%emt 00:00:09]} 15. Re1 {[%clk 00:35:21]}
{[%emt 00:00:23]} Bd7 {[%clk 00:47:04]} {[%emt 00:07:29]} 16. e5 {[%clk
00:28:00]} {[%emt 00:07:52]} dxe5 {[%clk 00:46:39]} {[%emt 00:00:55]} 17. Nxe5
{[%clk 00:27:19]} {[%emt 00:01:11]} Be6 {[%clk 00:44:46]} {[%emt 00:02:22]} 18.
Be3 {[%clk 00:24:26]} {[%emt 00:03:23]} Rfd8 {[%clk 00:42:01]} {[%emt
00:03:15]} 19. Qf3 {[%clk 00:21:03]} {[%emt 00:03:54]} Rac8 {[%clk 00:38:10]}
{[%emt 00:04:20]} 20. Bf2 {[%clk 00:19:26]} {[%emt 00:02:08]} Rd2 {[%clk
00:36:46]} {[%emt 00:01:54]} 21. Nc4 {[%clk 00:17:37]} {[%emt 00:02:19]} Rdd8
{[%clk 00:34:52]} {[%emt 00:02:24]} 22. Ne3 {[%clk 00:16:36]} {[%emt 00:01:32]}
Rd3 {[%clk 00:30:50]} {[%emt 00:04:31]} 23. Nd5 {[%clk 00:15:58]} {[%emt
00:01:08]} Rxd5 {[%clk 00:30:15]} {[%emt 00:01:04]} 24. Qxd5 {[%clk 00:15:55]}
{[%emt 00:00:33]} Bxd5 {[%clk 00:30:23]} {[%emt 00:00:22]} 25. Rxe7 {[%clk
00:16:19]} {[%emt 00:00:07]} Bf6 {[%clk 00:30:25]} {[%emt 00:00:27]} 26. Rd7
{[%clk 00:14:42]} {[%emt 00:02:07]} Bc6 {[%clk 00:30:25]} {[%emt 00:00:30]} 27.
Rd2 {[%clk 00:14:52]} {[%emt 00:00:20]} Be7 {[%clk 00:30:00]} {[%emt 00:00:56]}
28. Re1 {[%clk 00:14:39]} {[%emt 00:00:43]} Bf8 {[%clk 00:28:38]} {[%emt
00:01:51]} 29. a5 {[%clk 00:14:52]} {[%emt 00:00:17]} h5 {[%clk 00:28:12]}
{[%emt 00:00:56]} 30. Bh4 {[%clk 00:14:30]} {[%emt 00:00:51]} c4 {[%clk
00:27:24]} {[%emt 00:01:19]} 31. Kh2 {[%clk 00:10:31]} {[%emt 00:04:29]} Kg7
{[%clk 00:23:50]} {[%emt 00:04:03]} 32. Rd4 {[%clk 00:08:50]} {[%emt 00:02:11]}
Bb5 {[%clk 00:22:08]} {[%emt 00:02:12]} 33. Be7 {[%clk 00:08:23]} {[%emt
00:00:57]} Kg8 {[%clk 00:20:09]} {[%emt 00:02:30]} 34. Bxf8 {[%clk 00:08:20]}
{[%emt 00:00:34]} Kxf8 {[%clk 00:20:37]} {[%emt 00:00:02]} 35. f5 {[%clk
00:08:05]} {[%emt 00:00:45]} gxf5 {[%clk 00:19:58]} {[%emt 00:01:09]} 36. Re5
{[%clk 00:08:18]} {[%emt 00:00:17]} Kg7 {[%clk 00:19:15]} {[%emt 00:01:12]} 37.
Rxf5 {[%clk 00:08:06]} {[%emt 00:00:42]} Kg6 {[%clk 00:19:44]} {[%emt
00:00:02]} 38. Rdf4 {[%clk 00:07:10]} {[%emt 00:01:26]} Rc7 {[%clk 00:18:35]}
{[%emt 00:01:38]} 39. h4 {[%clk 00:07:30]} {[%emt 00:00:11]} Re7 {[%clk
00:18:22]} {[%emt 00:00:43]} 40. Rg5+ {[%clk 00:07:50]} {[%emt 00:00:10]} Kh6
{[%clk 00:18:28]} {[%emt 00:00:23]} 41. Rf6+ {[%clk 00:08:13]} {[%emt
00:00:07]} Kh7 {[%clk 00:18:56]} {[%emt 00:00:02]} 42. Rxh5+ {[%clk 00:08:06]}
{[%emt 00:00:37]} Kg7 {[%clk 00:19:24]} {[%emt 00:00:01]} 43. Rf2 {[%clk
00:06:27]} {[%emt 00:02:10]} f6 {[%clk 00:19:00]} {[%emt 00:00:54]} 44. Rhf5
{[%clk 00:06:19]} {[%emt 00:00:38]} 1-0

[Event "Pohár města Říčany 2018"]
[Site "Městské kulturní středisko U labutě"]
[Date "2018.08.28"]
[Round "5.3"]
[White "Hrdina, Robin"]
[Black "Vojta, Tomas"]
[Result "0-1"]
[WhiteElo "2219"]
[BlackElo "2348"]
[PlyCount "0"]
[EventDate "2018.08.25"]

1. e4 {[%clk 01:30:57]} {[%emt 00:00:02]} d5 {[%clk 01:30:46]} {[%emt
00:00:15]} 2. exd5 {[%clk 01:31:21]} {[%emt 00:00:06]} Qxd5 {[%clk 01:30:50]}
{[%emt 00:00:25]} 3. Nc3 {[%clk 01:31:44]} {[%emt 00:00:07]} Qd6 {[%clk
01:30:53]} {[%emt 00:00:26]} 4. d4 {[%clk 01:31:31]} {[%emt 00:00:43]} Nf6
{[%clk 01:31:07]} {[%emt 00:00:16]} 5. Nf3 {[%clk 01:31:33]} {[%emt 00:00:29]}
Bg4 {[%clk 01:30:33]} {[%emt 00:01:03]} 6. Bb5+ {[%clk 01:31:54]} {[%emt
00:00:08]} c6 {[%clk 01:28:41]} {[%emt 00:02:22]} 7. Be2 {[%clk 01:32:18]}
{[%emt 00:00:06]} Nbd7 {[%clk 01:27:47]} {[%emt 00:01:24]} 8. Be3 {[%clk
01:26:57]} {[%emt 00:05:51]} e6 {[%clk 01:26:32]} {[%emt 00:01:45]} 9. Qd2
{[%clk 01:24:07]} {[%emt 00:03:20]} Qc7 {[%clk 01:26:36]} {[%emt 00:00:26]} 10.
a3 {[%clk 01:23:57]} {[%emt 00:00:41]} Bd6 {[%clk 01:25:35]} {[%emt 00:01:31]}
11. h3 {[%clk 01:23:26]} {[%emt 00:01:01]} Bh5 {[%clk 01:24:36]} {[%emt
00:01:29]} 12. g4 {[%clk 01:12:52]} {[%emt 00:11:04]} Bg6 {[%clk 01:22:46]}
{[%emt 00:02:19]} 13. O-O-O {[%clk 01:11:41]} {[%emt 00:01:41]} b5 {[%clk
01:15:23]} {[%emt 00:07:53]} 14. g5 {[%clk 01:04:33]} {[%emt 00:07:38]} Ne4
{[%clk 01:05:20]} {[%emt 00:10:32]} 15. Nxe4 {[%clk 01:04:15]} {[%emt
00:00:49]} Bxe4 {[%clk 01:05:48]} {[%emt 00:00:02]} 16. Rhg1 {[%clk 01:02:45]}
{[%emt 00:02:00]} Rb8 {[%clk 01:03:48]} {[%emt 00:02:30]} 17. Ne5 {[%clk
00:44:35]} {[%emt 00:18:40]} b4 {[%clk 00:59:18]} {[%emt 00:04:59]} 18. Nc4
{[%clk 00:44:56]} {[%emt 00:00:09]} bxa3 {[%clk 00:56:47]} {[%emt 00:03:01]} 19.
Nxd6+ {[%clk 00:44:42]} {[%emt 00:00:44]} Qxd6 {[%clk 00:57:15]} {[%emt
00:00:02]} 20. b3 {[%clk 00:44:58]} {[%emt 00:00:14]} O-O {[%clk 00:51:23]}
{[%emt 00:06:21]} 21. Bf4 {[%clk 00:39:07]} {[%emt 00:06:22]} e5 {[%clk
00:48:55]} {[%emt 00:02:59]} 22. dxe5 {[%clk 00:37:36]} {[%emt 00:02:01]} Qc5
{[%clk 00:45:52]} {[%emt 00:03:32]} 23. Be3 {[%clk 00:31:16]} {[%emt 00:06:50]}
Qxe5 {[%clk 00:44:02]} {[%emt 00:02:20]} 24. Qd4 {[%clk 00:26:04]} {[%emt
00:05:42]} Rfe8 {[%clk 00:33:44]} {[%emt 00:10:48]} 25. Bd3 {[%clk 00:19:05]}
{[%emt 00:07:29]} Bxd3 {[%clk 00:29:03]} {[%emt 00:05:12]} 26. Rxd3 {[%clk
00:19:24]} {[%emt 00:00:11]} Nc5 {[%clk 00:27:07]} {[%emt 00:02:25]} 27. Rc3
{[%clk 00:14:08]} {[%emt 00:05:47]} a2 {[%clk 00:26:39]} {[%emt 00:00:58]} 28.
Qxe5 {[%clk 00:08:03]} {[%emt 00:06:35]} a1=Q+ {[%clk 00:20:20]} {[%emt
00:06:49]} 29. Kd2 {[%clk 00:08:25]} {[%emt 00:00:08]} Nxb3+ {[%clk 00:20:39]}
{[%emt 00:00:11]} 30. Ke2 {[%clk 00:07:01]} {[%emt 00:01:55]} Qa6+ {[%clk
00:20:29]} {[%emt 00:00:39]} 0-1

[Event "Pohár města Říčany 2018"]
[Site "Městské kulturní středisko U labutě"]
[Date "2018.08.28"]
[Round "5.4"]
[White "Hosticka, Frantisek"]
[Black "Svatos, Jan"]
[Result "1/2-1/2"]
[WhiteElo "2087"]
[BlackElo "2264"]
[PlyCount "0"]
[EventDate "2018.08.25"]

1. e4 {[%clk 01:30:55]} {[%emt 00:00:03]} c5 {[%clk 01:30:56]} {[%emt
00:00:05]} 2. b3 {[%clk 01:29:48]} {[%emt 00:01:37]} Nf6 {[%clk 01:30:25]}
{[%emt 00:01:01]} 3. e5 {[%clk 01:29:01]} {[%emt 00:01:17]} Nd5 {[%clk
01:30:46]} {[%emt 00:00:09]} 4. Bb2 {[%clk 01:28:26]} {[%emt 00:01:06]} e6
{[%clk 01:31:01]} {[%emt 00:00:15]} 5. Nf3 {[%clk 01:25:15]} {[%emt 00:03:41]}
Be7 {[%clk 01:30:47]} {[%emt 00:00:44]} 6. c4 {[%clk 01:24:26]} {[%emt
00:01:18]} Nc7 {[%clk 01:26:33]} {[%emt 00:04:44]} 7. Nc3 {[%clk 01:14:15]}
{[%emt 00:10:41]} O-O {[%clk 01:26:53]} {[%emt 00:00:10]} 8. Be2 {[%clk
01:06:39]} {[%emt 00:08:06]} b6 {[%clk 01:26:31]} {[%emt 00:00:52]} 9. d4
{[%clk 01:02:33]} {[%emt 00:04:37]} cxd4 {[%clk 01:26:52]} {[%emt 00:00:09]} 10.
Nxd4 {[%clk 01:01:09]} {[%emt 00:01:53]} Bb7 {[%clk 01:19:18]} {[%emt
00:08:04]} 11. Bf3 {[%clk 00:59:26]} {[%emt 00:02:12]} Bxf3 {[%clk 01:10:42]}
{[%emt 00:09:06]} 12. Nxf3 {[%clk 00:55:48]} {[%emt 00:04:08]} Nc6 {[%clk
01:09:23]} {[%emt 00:01:49]} 13. O-O {[%clk 00:52:27]} {[%emt 00:03:52]} d6
{[%clk 01:04:00]} {[%emt 00:05:52]} 14. exd6 {[%clk 00:49:13]} {[%emt
00:03:44]} Qxd6 {[%clk 01:00:52]} {[%emt 00:03:38]} 15. Qe2 {[%clk 00:45:01]}
{[%emt 00:04:42]} Rad8 {[%clk 00:44:13]} {[%emt 00:17:08]} 16. Rad1 {[%clk
00:43:52]} {[%emt 00:01:39]} Qf4 {[%clk 00:39:26]} {[%emt 00:05:17]} 17. Ne4
{[%clk 00:37:26]} {[%emt 00:06:56]} Na6 {[%clk 00:28:01]} {[%emt 00:11:55]} 18.
Ng3 {[%clk 00:35:47]} {[%emt 00:02:10]} Qg4 {[%clk 00:21:23]} {[%emt 00:07:08]}
19. Rxd8 {[%clk 00:33:58]} {[%emt 00:02:19]} Rxd8 {[%clk 00:21:34]} {[%emt
00:00:18]} 20. Rd1 {[%clk 00:33:47]} {[%emt 00:00:41]} Nc5 {[%clk 00:14:33]}
{[%emt 00:07:31]} 21. Rxd8+ {[%clk 00:30:02]} {[%emt 00:04:15]} Bxd8 {[%clk
00:15:02]} {[%emt 00:00:01]} 22. Qd2 {[%clk 00:23:02]} {[%emt 00:07:30]} Be7
{[%clk 00:01:11]} {[%emt 00:14:22]} 23. h3 {[%clk 00:09:08]} {[%emt 00:14:24]}
Qg6 {[%clk 00:01:18]} {[%emt 00:00:23]} 24. Ne5 {[%clk 00:05:10]} {[%emt
00:04:27]} Nxe5 {[%clk 00:01:16]} {[%emt 00:00:32]} 25. Bxe5 {[%clk 00:05:33]}
{[%emt 00:00:07]} h6 {[%clk 00:01:07]} {[%emt 00:00:39]} 26. Bb8 {[%clk
00:04:45]} {[%emt 00:01:17]} a5 {[%clk 00:00:52]} {[%emt 00:00:46]} 27. Bc7
{[%clk 00:04:55]} {[%emt 00:00:19]} Qb1+ {[%clk 00:01:07]} {[%emt 00:00:16]} 28.
Kh2 {[%clk 00:04:36]} {[%emt 00:00:50]} a4 {[%clk 00:01:21]} {[%emt 00:00:17]}
29. bxa4 {[%clk 00:03:24]} {[%emt 00:01:41]} Bg5 {[%clk 00:01:23]} {[%emt
00:00:27]} 30. Bf4 {[%clk 00:00:55]} {[%emt 00:03:00]} Bxf4 {[%clk 00:00:53]}
{[%emt 00:01:00]} 31. Qxf4 {[%clk 00:01:21]} {[%emt 00:00:05]} Nxa4 {[%clk
00:01:01]} {[%emt 00:00:22]} 32. Qb8+ {[%clk 00:01:23]} {[%emt 00:00:27]} Kh7
{[%clk 00:01:28]} {[%emt 00:00:03]} 33. Qa7 {[%clk 00:01:38]} {[%emt 00:00:15]}
Qxa2 {[%clk 00:01:10]} {[%emt 00:00:48]} 34. Qxf7 {[%clk 00:01:29]} {[%emt
00:00:39]} Qxc4 {[%clk 00:01:25]} {[%emt 00:00:16]} 35. Nh5 {[%clk 00:01:19]}
{[%emt 00:00:40]} Qd4 {[%clk 00:01:22]} {[%emt 00:00:31]} 36. Nf4 {[%clk
00:00:58]} {[%emt 00:00:53]} Nc5 {[%clk 00:00:58]} {[%emt 00:00:53]} 37. Qg6+
{[%clk 00:01:05]} {[%emt 00:00:23]} Kh8 {[%clk 00:01:12]} {[%emt 00:00:16]} 38.
Qe8+ {[%clk 00:01:19]} {[%emt 00:00:17]} Kh7 {[%clk 00:01:34]} {[%emt
00:00:08]} 39. Qg6+ {[%clk 00:01:37]} {[%emt 00:00:12]} Kh8 {[%clk 00:02:03]}
{[%emt 00:00:01]} 40. Qe8+ {[%clk 00:01:55]} {[%emt 00:00:11]} Kh7 {[%clk
00:02:20]} {[%emt 00:00:13]} 41. Ng6 {[%emt 00:01:35]} Qxf2 {[%emt 00:00:02]}
42. Nf8+ {[%emt 00:00:01]} Kh8 {[%emt 00:00:27]} 1/2-1/2

[Event "Pohár města Říčany 2018"]
[Site "Městské kulturní středisko U labutě"]
[Date "2018.08.28"]
[Round "5.5"]
[White "Gregor, Jiri"]
[Black "Simecek, Bohumil"]
[Result "1-0"]
[WhiteElo "2262"]
[BlackElo "2079"]
[PlyCount "0"]
[EventDate "2018.08.25"]

1. d4 {[%clk 01:30:56]} {[%emt 00:00:03]} Nf6 {[%clk 01:30:33]} {[%emt
00:00:28]} 2. c4 {[%clk 01:31:03]} {[%emt 00:00:23]} g6 {[%clk 01:30:30]}
{[%emt 00:00:34]} 3. Nc3 {[%clk 01:30:58]} {[%emt 00:00:34]} Bg7 {[%clk
01:30:47]} {[%emt 00:00:13]} 4. Nf3 {[%clk 01:30:29]} {[%emt 00:00:59]} O-O
{[%clk 01:30:48]} {[%emt 00:00:29]} 5. e4 {[%clk 01:29:28]} {[%emt 00:01:31]}
d6 {[%clk 01:29:33]} {[%emt 00:01:45]} 6. Be2 {[%clk 01:29:51]} {[%emt
00:00:07]} e5 {[%clk 01:27:20]} {[%emt 00:02:44]} 7. O-O {[%clk 01:29:55]}
{[%emt 00:00:26]} Nc6 {[%clk 01:25:11]} {[%emt 00:02:39]} 8. d5 {[%clk
01:29:56]} {[%emt 00:00:28]} Ne7 {[%clk 01:25:23]} {[%emt 00:00:17]} 9. Ne1
{[%clk 01:28:17]} {[%emt 00:02:10]} Ne8 {[%clk 01:24:10]} {[%emt 00:01:43]} 10.
Nd3 {[%clk 01:27:39]} {[%emt 00:01:08]} f5 {[%clk 01:23:52]} {[%emt 00:00:48]}
11. exf5 {[%emt 00:15:45]} gxf5 {[%clk 01:10:27]} {[%emt 00:00:01]} 12. f4
{[%clk 01:25:59]} {[%emt 00:00:48]} e4 {[%clk 01:10:40]} {[%emt 00:00:17]} 13.
Nf2 {[%clk 01:26:25]} {[%emt 00:00:05]} Nf6 {[%clk 01:09:19]} {[%emt 00:01:51]}
14. Be3 {[%clk 01:25:17]} {[%emt 00:01:38]} a6 {[%clk 00:52:13]} {[%emt
00:17:36]} 15. h3 {[%clk 01:22:35]} {[%emt 00:03:11]} Ng6 {[%clk 00:46:17]}
{[%emt 00:06:26]} 16. Kh2 {[%clk 01:18:24]} {[%emt 00:04:42]} h6 {[%clk
00:43:09]} {[%emt 00:03:39]} 17. Qd2 {[%clk 01:17:22]} {[%emt 00:01:31]} Kh7
{[%clk 00:43:04]} {[%emt 00:00:36]} 18. Rg1 {[%clk 01:15:28]} {[%emt 00:02:23]}
Rg8 {[%clk 00:42:09]} {[%emt 00:01:25]} 19. g3 {[%clk 01:13:52]} {[%emt
00:02:06]} Qe7 {[%clk 00:41:32]} {[%emt 00:01:08]} 20. a4 {[%clk 01:02:56]}
{[%emt 00:11:26]} Bd7 {[%clk 00:39:16]} {[%emt 00:02:46]} 21. a5 {[%clk
00:58:51]} {[%emt 00:04:35]} Rae8 {[%clk 00:29:35]} {[%emt 00:10:11]} 22. Ra3
{[%clk 00:54:47]} {[%emt 00:04:34]} Bh8 {[%clk 00:23:19]} {[%emt 00:06:46]} 23.
b4 {[%clk 00:48:08]} {[%emt 00:07:08]} h5 {[%clk 00:19:34]} {[%emt 00:04:16]}
24. Qd1 {[%clk 00:47:18]} {[%emt 00:01:20]} h4 {[%clk 00:18:55]} {[%emt
00:01:10]} 25. g4 {[%clk 00:47:11]} {[%emt 00:00:37]} Ne5 {[%clk 00:13:19]}
{[%emt 00:06:06]} 26. fxe5 {[%clk 00:31:15]} {[%emt 00:16:26]} Qxe5+ {[%clk
00:13:30]} {[%emt 00:00:19]} 27. Kh1 {[%clk 00:31:31]} {[%emt 00:00:15]} f4
{[%clk 00:13:18]} {[%emt 00:00:41]} 28. Bd4 {[%clk 00:31:43]} {[%emt 00:00:18]}
Nxg4 {[%clk 00:10:47]} {[%emt 00:03:01]} 29. Bxg4 {[%clk 00:30:09]} {[%emt
00:02:04]} Qxd4 {[%clk 00:09:52]} {[%emt 00:01:25]} 30. Bf5+ {[%clk 00:27:34]}
{[%emt 00:03:04]} Kh6 {[%clk 00:10:00]} {[%emt 00:00:21]} 31. Ng4+ {[%clk
00:27:30]} {[%emt 00:00:34]} Rxg4 {[%clk 00:04:16]} {[%emt 00:06:15]} 32. Qxg4
{[%clk 00:27:32]} {[%emt 00:00:28]} Qf6 {[%clk 00:04:25]} {[%emt 00:00:21]} 33.
Qxf4+ {[%emt 00:02:14]} 1-0